[Event "Eurasia Open Cup 2018"]
[Site "Jekaterienburg"]
[Date "2018.08.04"]
[Round "4"]
[White "Saunina, Ludmila"]
[Black "Faizrakhmanov, Ramil"]
[Result "1/2-1/2"]
[WhiteElo "2214"]
[BlackElo "2407"]
[Annotator "NA"]
[PlyCount "87"]
[EventDate "2018.08.01"]
[EventType "swiss"]
[EventCountry "RUS"]
[SourceTitle "playchess.com"]
[Source "ChessBase"]
[SourceQuality "1"]
[TimeControl "5400+30"]

1. Nf3 {[%emt 0:00:00]} Nf6 {[%emt 0:00:00]} 2. e3 {[%emt 0:00:00]} g6 {[%emt 0:01:21]} 3. d4 {[%emt 0:00:19]} Bg7 {[%emt 0:00:22]} 4. Be2 {[%emt 0:00:03]} O-O {[%emt 0:00:36]} 5. O-O {[%emt 0:00:03]} d6 {[%emt 0:01:30]} 6. b3 {[%emt 0:00:44]} Nbd7 {[%emt 0:00:58]} 7. Bb2 {[%emt 0:00:04]} e5 {[%emt 0:01:59]} 8. dxe5 {[%emt 0:02:14] A48: 1 d4 Nf6 2 Nf3 g6: Torre, London and Colle Systems} Ng4 {[%emt 0:00:34]} 9. Nbd2 {[%emt 0:00:41]} Ngxe5 {[%emt 0:01:52]} 10. Qc1 {[%emt 0:04:00]} Re8 {[%emt 0:05:41]} 11. Nc4 {[%emt 0:02:36]} Nxc4 {[%emt 0:02:00]} 12. Bxc4 {[%emt 0:01:07]} Ne5 {[%emt 0:00:48]} 13. Nxe5 $146 {[%emt 0:01:14]} ({Predecessor:} 13. Be2 Bg4 14. Nxe5 Bxe2 15. Re1 Bxe5 16. Rxe2 {0-1 (59) Molina,R (2353)-Marra,E (2290) Santos 2007}) 13... Bxe5 {[%emt 0:00:15]} 14. Bxe5 {[%emt 0:02:53]} Rxe5 {[%emt 0:00:11]} 15. f4 {[%emt 0:01:33]} Re8 {[%emt 0:01:10]} 16. Bd3 {[%emt 0:03:44]} Bd7 {[%emt 0:04:28]} 17. e4 {[%emt 0:05:07]} Qf6 {[%emt 0:00:24]} 18. Qe3 {[%emt 0:02:35]} Re7 {[%emt 0:13:22]} 19. Rae1 {[%emt 0:00:58]} b6 {[%emt 0:01:25]} 20. Qg3 {[%emt 0:04:03]} Rae8 {[%emt 0:02:15]} 21. Re2 $11 {[%emt 0:03:12]} Qd4+ {[%emt 0:07:04]} 22. Qf2 {[%emt 0:07:39]} Qc5 {[%emt 0:00:45]} 23. Qxc5 {[%emt 0:02:12]} bxc5 {[%emt 0:00:08]} 24. Rfe1 {[%emt 0:00:32]} f6 {[%emt 0:01:17]} 25. Kf2 {[%emt 0:00:58]} Bc6 {[%emt 0:02:25]} 26. Re3 {[%emt 0:05:11]} Kf8 {[%emt 0:00:32]} 27. h4 {[%emt 0:01:54]} a5 {[%emt 0:01:05]} 28. a4 {[%emt 0:00:38]} c4 {[%emt 0:04:14]} 29. Bxc4 {[%emt 0:01:24]} Bxe4 {[%emt 0:00:21]} 30. Rc3 {[%emt 0:02:44]} f5 {[%emt 0:06:28]} 31. Bb5 {[%emt 0:02:18]} c6 {[%emt 0:01:50]} 32. Bd3 {[%emt 0:00:44]} Bxd3 {[%emt 0:01:01]} 33. Rxe7 {[%emt 0:00:06]} Kxe7 {[%emt 0:00:06]} 34. Rxd3 {[%emt 0:01:19]} Kd7 {[%emt 0:00:00]} 35. Re3 {[%emt 0:01:38]} Rb8 {[%emt 0:00:39]} 36. Rh3 {[%emt 0:01:46]} Rb4 {[%emt 0:02:22]} 37. g3 {[%emt 0:09:48]} h5 {[%emt 0:01:30]} 38. Rh1 {[%emt 0:00:45]} c5 {[%emt 0:00:36]} 39. Rd1 {[%emt 0:02:04]} Kc6 {[%emt 0:08:25]} 40. Re1 {[%emt 0:06:32]} Kd7 {[%emt 0:05:38]} 41. Rd1 {[%emt 0:01:22]} Re4 {[%emt 0:01:04]} 42. Rd3 {[%emt 0:01:45]} Rb4 {[%emt 0:06:02]} 43. c4 {[%emt 0:01:04]} Rb8 {[%emt 0:00:43]} 44. Ke1 {[%emt 0:00:39]} 1/2-1/2

[Event "Eurasia Open Cup 2018"]
[Site "Jekaterienburg"]
[Date "2018.08.04"]
[Round "4"]
[White "Pastukhov, Leonid"]
[Black "Kardashevskiy, Evgeny"]
[Result "1-0"]
[WhiteElo "2166"]
[BlackElo "2387"]
[Annotator "NA"]
[PlyCount "69"]
[EventDate "2018.08.01"]
[EventType "swiss"]
[EventCountry "RUS"]
[SourceTitle "playchess.com"]
[Source "ChessBase"]
[SourceQuality "1"]
[TimeControl "5400+30"]

1. e4 {[%emt 0:00:00]} c5 {[%emt 0:00:00]} 2. Nf3 {[%emt 0:00:10]} d6 {[%emt 0:00:12]} 3. d4 {[%emt 0:00:12]} cxd4 {[%emt 0:00:14]} 4. Nxd4 {[%emt 0:00:13]} Nf6 {[%emt 0:00:07]} 5. Nc3 {[%emt 0:00:06]} a6 {[%emt 0:00:11]} 6. Be2 {[%emt 0:00:00]} e5 {[%emt 0:02:05]} 7. Nb3 {[%emt 0:01:34]} Be7 {[%emt 0:00:22]} 8. Be3 {[%emt 0:00:20]} O-O {[%emt 0:00:46]} 9. g4 {[%emt 0:00:36]} Be6 {[%emt 0:00:35]} 10. g5 {[%emt 0:01:25]} Nfd7 {[%emt 0:02:31]} 11. h4 {[%emt 0:01:06]} Nc6 {[%emt 0:00:49]} 12. Qd2 {[%emt 0:00:47]} Rc8 {[%emt 0:05:35]} 13. h5 {[%emt 0:00:44]} Nd4 {[%emt 0:11:09]} 14. h6 {[%emt 0:00:59]} Nxb3 {[%emt 0:02:53]} (14... Nxe2 $11 15. hxg7 {[#]} Nxc3 $1 {[%mdl 512]} 16. gxf8=R+ Nxf8 17. bxc3 Qc7 $11) 15. axb3 {[%emt 0:21:12]} g6 {[%emt 0:14:30]} 16. Rg1 $11 {[%emt 0:01:07]} f6 {[%emt 0:00:14]} 17. gxf6 {[%emt 0:02:47]} Nxf6 {[%emt 0:12:12]} 18. O-O-O {[%emt 0:06:42]} b5 {[%emt 0:00:27]} 19. Kb1 {[%emt 0:01:39]} b4 {[%emt 0:02:44]} 20. Nd5 {[%emt 0:02:05]} Nxe4 {[%emt 0:05:38]} 21. Qxb4 {[%emt 0:01:08]} Nc5 {[%emt 0:00:39]} 22. Bc4 {[%emt 0:00:01]} a5 {[%emt 0:00:39]} 23. Qd2 {[%emt 0:01:54]} Kh8 {[%emt 0:05:52]} 24. Nxe7 {[%emt 0:07:00]} Qxe7 {[%emt 0:01:51]} 25. Qxd6 {[%emt 0:01:07]} Qxd6 {[%emt 0:07:16]} 26. Rxd6 {[%emt 0:06:05]} Bxc4 {[%emt 0:00:15]} 27. bxc4 {[%emt 0:00:32]} Ne4 {[%emt 0:00:43]} 28. Rd5 {[%emt 0:00:10]} Rxc4 {[%emt 0:00:08]} 29. Rxe5 {[%emt 0:00:08]} a4 {[%emt 0:01:23]} 30. Rd1 {[%emt 0:00:32]} Rb8 {[%emt 0:03:13]} 31. Rd4 {[%emt 0:07:32]} Nc3+ {[%emt 0:00:38]} 32. Ka1 {[%emt 0:02:03]} a3 {[%emt 0:01:49]} 33. bxc3 {[%emt 0:04:54]} Rxc3 {[%emt 0:06:46]} 34. Rb4 {[%emt 0:01:06]} Rd8 {[%emt 0:00:15]} 35. Bd4 {[%emt 0:00:26]} 1-0

[Event "Eurasia Open Cup 2018"]
[Site "Jekaterienburg"]
[Date "2018.08.04"]
[Round "4"]
[White "Zhukov, Ivan"]
[Black "Fakhrutdinov, Timur"]
[Result "0-1"]
[WhiteElo "2061"]
[BlackElo "2463"]
[Annotator "TA"]
[PlyCount "98"]
[EventDate "2018.08.01"]
[EventType "swiss"]
[EventCountry "RUS"]
[SourceTitle "playchess.com"]
[Source "ChessBase"]
[SourceQuality "1"]

{[%evp 18,98,11,-1,0,0,0,0,27,27,43,1,9,0,35,37,88,69,76,62,124,0,47,48,54,27,31,25,32,0,0,0,0,-7,-13,-68,-69,-70,-16,-33,-30,-114,-68,-67,-79,-91,-76,-76,-76,-209,-190,-187,-187,-324,-324,-324,-320,-318,-318,-406,-397,-692,-688,-677,-663,-689,-661,-1056,-1051,-901,-915,-1390,-1549,-1559,-1775,-1622,-1622,-1513,-1217,-29986,-29987,-29993,-29994]} 1. e4 c5 2. Nf3 e6 3. d4 cxd4 4. Nxd4 Nc6 5. Nc3 a6 6. Be3 Nf6 7. a3 Qc7 8. Be2 Be7 9. O-O O-O 10. Kh1 {LiveBook: 15 Games} d5 {B48: Sicilian: Taimanov: 5 Nc3 Qc7 6 Be3 a6 without Be2} 11. exd5 exd5 12. Qd2 $146 ({Predecessor:} 12. Bf3 Be6 13. Re1 Rfe8 14. g3 Rad8 15. Bf4 Qc8 16. Qd2 Nxd4 17. Qxd4 Bc5 18. Qa4 Bxf2 19. Re2 Bd7 {0-1 (19) Fontana,E (2118)-Granda Zuniga,J (2609) Conegliano 2008}) 12... Rd8 {The position is equal.} 13. Rad1 h6 14. Rfe1 Bd6 15. h3 Ne7 16. Bd3 Ng6 ({Better is} 16... Be5 $14) 17. Bxg6 fxg6 18. Nf3 Kh7 (18... Bf5 $14) 19. Qc1 ({Don't play} 19. Nxd5 $6 Nxd5 20. Qxd5 Bf5 $14) (19. Bg5 $16 Qf7 20. Nxd5) 19... Qf7 20. Bd4 Nh5 21. Ne5 (21. Qe3 {looks sharper.} Nf4 22. Ne5 Qf8 23. Ne2 Nxe2 24. Rxe2 Bxe5 25. Bxe5 Bf5 26. c3) 21... Bxe5 22. Rxe5 {Qe3 is the strong threat.} Bxh3 $1 23. Rxh5 ({Don't go for} 23. gxh3 $2 Qf3+ 24. Kg1 Nf4 $19) 23... Bxg2+ $1 24. Kxg2 gxh5 25. Qe3 Rd6 26. Kh2 (26. Be5 $11 Re8 27. f4) 26... Rg6 $15 {[#] Threatens to win with ...Re8.} 27. Rg1 Rf8 (27... Rxg1 $15 28. Kxg1 Rc8) 28. Rxg6 Qxg6 29. Qg3 (29. Nxd5 $11 {remains equal.} Qxc2 30. Ne7) 29... Rf5 (29... Qxg3+ {keeps more tension.} 30. Kxg3 Rc8 31. Be5 g5 32. f4 Kg6) 30. Qxg6+ Kxg6 31. Kg2 Rg5+ 32. Kh3 Rg4 33. Bb6 (33. Ne2 $17) 33... Rc4 $19 34. Nxd5 Rxc2 35. a4 (35. b4 $142) 35... Rxb2 36. a5 Rb3+ 37. Kg2 Kf7 38. f4 g5 39. f5 $2 {[#]} (39. Ne3) 39... h4 40. Ne3 Rb4 41. Kh3 Rf4 42. Ng4 h5 43. Ne3 Rf3+ 44. Kg2 g4 {[%cal Bg5g4,Bg4g3][%mdl 32]} 45. Nc4 h3+ 46. Kh2 Kf6 47. Nd6 Rd3 48. Nxb7 Rd2+ 49. Kg1 g3 {Precision: White = 32%, Black = 51%.} 0-1